[Event "Madrid ch Sub-16 2021"]
[Site "Madrid ESP"]
[Date "2021.04.17"]
[Round "1.1"]
[White "Rodriguez Avila, Alvaro"]
[Black "Reyes Peñas, Sebastian"]
[Result "1/2-1/2"]
[WhiteElo "1892"]
[BlackElo "2211"]
[PlyCount "146"]
[EventDate "2021.04.17"]
[EventType "swiss"]
[EventRounds "5"]
[EventCountry "ESP"]
[SourceTitle "Ajedrez en Madrid"]
[Source "lmi"]
[SourceDate "2021.04.17"]
[SourceVersion "1"]
[SourceVersionDate "2021.04.29"]
[SourceQuality "1"]

1. e4 c5 2. Nf3 e6 3. d4 cxd4 4. Nxd4 a6 5. Bd3 Nf6 6. O-O Qc7 7. Qe2 d6 8. c4
g6 9. Nc3 Bg7 10. Be3 O-O 11. Rac1 Nbd7 12. Rfd1 Ne5 13. f3 Bd7 14. b3 Nxd3 15.
Qxd3 Rfd8 16. Nde2 Be8 17. Bf4 Qb6+ 18. Kh1 Bc6 19. Bxd6 Ne8 20. c5 Qa5 21. Qe3
Nxd6 22. cxd6 Be5 23. Nd5 exd5 24. exd5 Bxd6 25. dxc6 bxc6 26. g3 Re8 27. Qc3
Qh5 28. Rc2 Rad8 29. Rcd2 Bc7 30. Rxd8 Bxd8 31. Nf4 Qb5 32. Qd3 Bc7 33. Qxb5
axb5 34. Nd3 Ra8 35. Nb4 c5 36. Nd5 Be5 37. Rd2 Kg7 38. Rc2 Bd4 39. Nc7 Rb8 40.
f4 Kf6 41. Kg2 b4 42. Kf3 Ke7 43. Na6 Rb5 44. Nc7 Rb7 45. Nd5+ Kd6 46. Ne3 Bxe3
47. Kxe3 Re7+ 48. Kf3 Re1 49. Rd2+ Kc7 50. Kg4 f6 51. Rf2 Re4 52. Kf3 Rd4 53.
Ke3 f5 54. h3 Kd6 55. g4 Kd5 56. Rc2 Re4+ 57. Kf3 c4 58. bxc4+ Rxc4 59. Rd2+
Rd4 60. Rc2 Rd3+ 61. Kg2 Ke4 62. Rb2 Rd4 63. Kg3 Kd3 64. a3 bxa3 65. Rb3+ Ke4
66. Rxa3 Rd3+ 67. Rxd3 Kxd3 68. Kh4 Ke3 69. g5 h5 70. Kg3 Ke2 71. Kh4 Kd3 72.
Kg3 Ke4 73. Kh4 Kxf4 1/2-1/2

[Event "Madrid ch Sub-16 2021"]
[Site "Madrid ESP"]
[Date "2021.04.17"]
[Round "1.2"]
[White "Ruiz Buendia, Miguel"]
[Black "Karunanithi, Bharath"]
[Result "1-0"]
[WhiteElo "2068"]
[BlackElo "1751"]
[PlyCount "82"]
[EventDate "2021.04.17"]
[EventType "swiss"]
[EventRounds "5"]
[EventCountry "ESP"]
[SourceTitle "Ajedrez en Madrid"]
[Source "lmi"]
[SourceDate "2021.04.17"]
[SourceVersion "1"]
[SourceVersionDate "2021.04.29"]
[SourceQuality "1"]

1. e4 c5 2. Nf3 d6 3. d4 cxd4 4. Nxd4 Nf6 5. Nc3 a6 6. h3 e5 7. Nb3 Be6 8. f4
Nc6 9. f5 Bd7 10. g4 b5 11. a3 h6 12. Be3 Be7 13. Qd2 Rb8 14. Be2 Bc8 15. O-O-O
Bb7 16. Bf3 b4 17. axb4 Nxb4 18. h4 h5 19. g5 Nd7 20. Kb1 Bc6 21. Nd5 Bxd5 22.
exd5 a5 23. c3 Na6 24. Be2 Rxb3 25. Bxa6 Qa8 26. Bc4 Rb7 27. Qe2 a4 28. Ka2 Qa5
29. Rh2 Nc5 30. Bxc5 Qxc5 31. Rf2 f6 32. Rg2 Kd7 33. Ba6 Rb6 34. Qc4 Qa5 35.
Bb7 Rb8 36. Bc6+ Kd8 37. Qxa4 Qc5 38. Re1 Rc8 39. Re4 Rcxc6 40. dxc6 Rxc6 41.
Rb4 Qd5+ 1-0

[Event "Madrid ch Sub-16 2021"]
[Site "Madrid ESP"]
[Date "2021.04.17"]
[Round "1.3"]
[White "Lavayen Torres, Leonardo"]
[Black "Zhou, Lulu"]
[Result "0-1"]
[WhiteElo "1661"]
[BlackElo "2042"]
[PlyCount "98"]
[EventDate "2021.04.17"]
[EventType "swiss"]
[EventRounds "5"]
[EventCountry "ESP"]
[SourceTitle "Ajedrez en Madrid"]
[Source "lmi"]
[SourceDate "2021.04.17"]
[SourceVersion "1"]
[SourceVersionDate "2021.04.29"]
[SourceQuality "1"]

1. d4 Nf6 2. c4 e6 3. Nc3 Bb4 4. Bg5 h6 5. Bxf6 Qxf6 6. Nf3 c5 7. e3 cxd4 8.
exd4 b6 9. Be2 Bb7 10. Rc1 O-O 11. O-O Rc8 12. a3 Bf8 13. d5 Na6 14. b4 Nc7 15.
Qd2 a5 16. d6 axb4 17. axb4 Ne8 18. Nb5 e5 19. c5 Rab8 20. Qe3 e4 21. Nd2 bxc5
22. bxc5 Qg6 23. Nc3 Nf6 24. Na4 Bc6 25. Nb6 Re8 26. Ndc4 Nd5 27. Nxd5 Bxd5 28.
Nb6 Bc6 29. Ra1 Qf5 30. Ra7 g6 31. h3 h5 32. g4 Qe6 33. Bc4 Qf6 34. Nxd7 Bxd7
35. Rxd7 Re6 36. Bxe6 Qxe6 37. Rc7 Rb3 38. Qf4 Rf3 39. Qh2 e3 40. Qg2 exf2+ 41.
Rxf2 Qe1+ 42. Rf1 Qe3+ 43. Kh1 Rxh3+ 44. Qxh3 Qxh3+ 45. Kg1 Bh6 46. Rc8+ Kg7
47. Re8 Be3+ 48. Rxe3 Qxe3+ 49. Kg2 Qxc5 0-1

[Event "Madrid ch Sub-16 2021"]
[Site "Madrid ESP"]
[Date "2021.04.17"]
[Round "1.4"]
[White "Fernandez Estremera, Fernando"]
[Black "Martin Ramos, Hector"]
[Result "1/2-1/2"]
[WhiteElo "2005"]
[BlackElo "1653"]
[PlyCount "103"]
[EventDate "2021.04.17"]
[EventType "swiss"]
[EventRounds "5"]
[EventCountry "ESP"]
[SourceTitle "Ajedrez en Madrid"]
[Source "lmi"]
[SourceDate "2021.04.17"]
[SourceVersion "1"]
[SourceVersionDate "2021.04.29"]
[SourceQuality "1"]

1. d4 d5 2. Nc3 Nf6 3. Bg5 Nbd7 4. Nf3 h6 5. Bh4 c6 6. e3 e6 7. Bd3 c5 8. dxc5
Nxc5 9. O-O Be7 10. Re1 O-O 11. Qe2 a6 12. Rad1 Qc7 13. Bg3 Bd6 14. Bxd6 Qxd6
15. e4 dxe4 16. Nxe4 Ncxe4 17. Bxe4 Qc7 18. Ne5 Bd7 19. Bf3 Rac8 20. c4 Rfd8
21. b3 Be8 22. h3 Nd7 23. Nd3 b6 24. Qe3 a5 25. Rb1 Nc5 26. Nxc5 Qxc5 27. Qxc5
bxc5 28. Red1 Kf8 29. Kf1 Ke7 30. Ke2 Bc6 31. Bxc6 Rxd1 32. Kxd1 Rxc6 33. Kc2
Rb6 34. a3 f5 35. Kc3 Ra6 36. Re1 Rb6 37. h4 g5 38. hxg5 hxg5 39. Rh1 Ra6 40.
Rh7+ Kd6 41. Rb7 Kc6 42. Re7 Kd6 43. Rb7 Kc6 44. Rh7 Kd6 45. g4 fxg4 46. Rg7
Ra8 47. Rxg5 Rf8 48. Rxg4 Rf3+ 49. Kc2 Rxf2+ 50. Kc3 Rf3+ 51. Kc2 Rf2+ 52. Kc3
1/2-1/2

[Event "Madrid ch Sub-16 2021"]
[Site "Madrid ESP"]
[Date "2021.04.17"]
[Round "1.5"]
[White "Ferrando Marti, Roberto"]
[Black "Serrano Ruiz, Lope"]
[Result "0-1"]
[WhiteElo "1576"]
[BlackElo "2004"]
[PlyCount "64"]
[EventDate "2021.04.17"]
[EventType "swiss"]
[EventRounds "5"]
[EventCountry "ESP"]
[SourceTitle "Ajedrez en Madrid"]
[Source "lmi"]
[SourceDate "2021.04.17"]
[SourceVersion "1"]
[SourceVersionDate "2021.04.29"]
[SourceQuality "1"]

1. Nf3 Nc6 2. d4 d5 3. g3 Bg4 4. Bg2 Nf6 5. c3 e6 6. Bg5 h6 7. Bxf6 gxf6 8.
Nbd2 e5 9. dxe5 fxe5 10. Qb3 e4 11. Nd4 Nxd4 12. cxd4 Bc8 13. Nb1 c6 14. Nc3
Bd6 15. Qc2 f5 16. e3 Bd7 17. a3 Rg8 18. Bh3 h5 19. Qe2 Qg5 20. b4 b5 21. Kd2
Ke7 22. Rhb1 a5 23. Na2 Ra7 24. Kc2 Rga8 25. Qe1 axb4 26. Nxb4 Rxa3 27. Rxa3
Rxa3 28. Rb3 Ra4 29. Qc3 Qg8 30. Kb2 Qa8 31. Nxc6+ Bxc6 32. Bxf5 b4 0-1

[Event "Madrid ch Sub-16 2021"]
[Site "Madrid ESP"]
[Date "2021.04.17"]
[Round "1.6"]
[White "Neagu, Roberto Florin"]
[Black "Suarez Hernan, Santiago"]
[Result "1-0"]
[WhiteElo "1965"]
[BlackElo "1427"]
[PlyCount "94"]
[EventDate "2021.04.17"]
[EventType "swiss"]
[EventRounds "5"]
[EventCountry "ESP"]
[SourceTitle "Ajedrez en Madrid"]
[Source "lmi"]
[SourceDate "2021.04.17"]
[SourceVersion "1"]
[SourceVersionDate "2021.04.29"]
[SourceQuality "1"]

1. Nf3 Nf6 2. c4 g6 3. Nc3 d6 4. g3 Bg7 5. Bg2 Nc6 6. d4 O-O 7. O-O Rb8 8. Bf4
Bf5 9. Rc1 Qc8 10. Re1 Bh3 11. Bh1 Re8 12. d5 Nd8 13. b4 e5 14. Bg5 Nd7 15. e4
f5 16. Qd2 Nf7 17. Be3 Nf6 18. c5 Qd7 19. cxd6 Nxd6 20. Ng5 f4 21. Bxa7 Ra8 22.
Bc5 Nf7 23. Nxh3 Qxh3 24. Bg2 Qh6 25. f3 Qg5 26. Qf2 h5 27. Kh1 Qh6 28. gxf4
exf4 29. Bd4 Ne5 30. Bxe5 Rxe5 31. Nb5 g5 32. Nxc7 Ra4 33. Qb2 Nd7 34. Qb3 Ra7
35. Ne6 b6 36. Rc6 Bf6 37. Rec1 g4 38. Rc8+ Kf7 39. R8c7 Rxc7 40. Rxc7 Ke7 41.
Qa4 Rxd5 42. exd5 Kd6 43. Rxd7+ Ke5 44. Qc2 gxf3 45. Bxf3 Bg5 46. Qe4+ Kf6 47.
Nd4 Qg6 1-0

[Event "Madrid ch Sub-16 2021"]
[Site "Madrid ESP"]
[Date "2021.04.17"]
[Round "1.7"]
[White "Moya Barba, Diego"]
[Black "Tenorio Garcia, Joel"]
[Result "0-1"]
[WhiteElo "1380"]
[BlackElo "1913"]
[PlyCount "58"]
[EventDate "2021.04.17"]
[EventType "swiss"]
[EventRounds "5"]
[EventCountry "ESP"]
[SourceTitle "Ajedrez en Madrid"]
[Source "lmi"]
[SourceDate "2021.04.17"]
[SourceVersion "1"]
[SourceVersionDate "2021.04.29"]
[SourceQuality "1"]

1. c4 Nf6 2. g3 c6 3. Bg2 d5 4. cxd5 cxd5 5. Nf3 g6 6. O-O Bg7 7. Nc3 O-O 8. d4
Nc6 9. Re1 Ne4 10. e3 Nxc3 11. bxc3 Bf5 12. Nd2 Na5 13. e4 dxe4 14. Nxe4 Rc8
15. Bd2 Nc4 16. h3 e5 17. Be3 Nxe3 18. Rxe3 Bxe4 19. Bxe4 exd4 20. Rd3 Qe7 21.
Qf3 dxc3 22. Bxb7 Rb8 23. Bd5 c2 24. Rc1 Rb1 25. Qf4 Qe1+ 26. Rxe1 Rxe1+ 27.
Kh2 c1=Q 28. Bxf7+ Rxf7 29. Qb8+ Bf8 0-1

[Event "Madrid ch Sub-16 2021"]
[Site "Madrid ESP"]
[Date "2021.04.17"]
[Round "1.8"]
[White "Simonyan, Arturo"]
[Black "Carretero Badorrey, Alejandro"]
[Result "1-0"]
[WhiteElo "1894"]
[BlackElo "1225"]
[PlyCount "51"]
[EventDate "2021.04.17"]
[EventType "swiss"]
[EventRounds "5"]
[EventCountry "ESP"]
[SourceTitle "Ajedrez en Madrid"]
[Source "lmi"]
[SourceDate "2021.04.17"]
[SourceVersion "1"]
[SourceVersionDate "2021.04.29"]
[SourceQuality "1"]

1. e4 e5 2. Nf3 Nc6 3. d4 Nf6 4. d5 Ne7 5. Bd3 Ng6 6. c4 Bc5 7. Nc3 d6 8. b4
Bb6 9. h3 O-O 10. g4 c5 11. b5 Ba5 12. Qc2 Rb8 13. Bd2 a6 14. Ne2 Nd7 15. h4
Bxd2+ 16. Qxd2 Nf6 17. h5 Bxg4 18. hxg6 Bxf3 19. gxh7+ Kh8 20. Rg1 Nxh7 21. Ng3
Qg5 22. Qxg5 Nxg5 23. Nf5 Bxe4 24. Bxe4 Nxe4 25. Rh1+ Kg8 26. Ne7# 1-0

[Event "Madrid ch Sub-16 2021"]
[Site "Madrid ESP"]
[Date "2021.04.18"]
[Round "2.1"]
[White "Tenorio Garcia, Joel"]
[Black "Ruiz Buendia, Miguel"]
[Result "0-1"]
[WhiteElo "1913"]
[BlackElo "2068"]
[PlyCount "100"]
[EventDate "2021.04.17"]
[EventType "swiss"]
[EventRounds "5"]
[EventCountry "ESP"]
[SourceTitle "Ajedrez en Madrid"]
[Source "lmi"]
[SourceDate "2021.04.17"]
[SourceVersion "1"]
[SourceVersionDate "2021.04.29"]
[SourceQuality "1"]

1. e4 c5 2. Nf3 d6 3. d4 cxd4 4. Nxd4 Nf6 5. Nc3 a6 6. Bc4 e6 7. Bb3 Nbd7 8. f4
Qc7 9. O-O b5 10. Qf3 Bb7 11. f5 e5 12. Nde2 Nc5 13. Bd5 Be7 14. Be3 b4 15.
Bxb7 Qxb7 16. Nd5 Nxd5 17. exd5 Rc8 18. Ng3 Nd7 19. Nh5 Bf6 20. Rac1 Rc4 21.
Rfd1 Ke7 22. Nxf6 gxf6 23. Rd2 Rg8 24. h3 Qb5 25. Qh5 Nc5 26. Bxc5 Qxc5+ 27.
Kh1 Rc8 28. Qe2 Qa5 29. Ra1 R4c5 30. Qd3 Qb5 31. Qxb5 Rxb5 32. a4 Rbc5 33. Rc1
Ra5 34. b3 Rcc5 35. Rcd1 Rc3 36. Re1 Rcc5 37. Red1 Kf8 38. Kh2 Kg7 39. h4 Kh6
40. g3 Rc3 41. Re1 Rac5 42. Ree2 Rf3 43. Re4 a5 44. g4 Rcc3 45. Kg2 Rg3+ 46.
Kf2 Rh3 47. Ke2 Rxh4 48. Rc4 Rg3 49. Kf2 Rgxg4 50. Rxg4 Rxg4 0-1

[Event "Madrid ch Sub-16 2021"]
[Site "Madrid ESP"]
[Date "2021.04.18"]
[Round "2.2"]
[White "Zhou, Lulu"]
[Black "Neagu, Roberto Florin"]
[Result "1-0"]
[WhiteElo "2042"]
[BlackElo "1965"]
[PlyCount "79"]
[EventDate "2021.04.17"]
[EventType "swiss"]
[EventRounds "5"]
[EventCountry "ESP"]
[SourceTitle "Ajedrez en Madrid"]
[Source "lmi"]
[SourceDate "2021.04.17"]
[SourceVersion "1"]
[SourceVersionDate "2021.04.29"]
[SourceQuality "1"]

1. e4 c5 2. Nf3 Nc6 3. d4 cxd4 4. Nxd4 e5 5. Nb5 d6 6. N1c3 a6 7. Na3 Be7 8.
Be3 Be6 9. Nd5 Bxd5 10. exd5 Nb8 11. Nc4 Nd7 12. a4 Ngf6 13. a5 O-O 14. Be2 Ne8
15. O-O Bg5 16. f4 Bh6 17. Qd2 Qe7 18. Rae1 Nef6 19. fxe5 Bxe3+ 20. Nxe3 Nxe5
21. Nf5 Qc7 22. Nxg7 Ne4 23. Qf4 Kxg7 24. Qxe4 Qxa5 25. Bd3 Qb6+ 26. Kh1 Ng6
27. b3 Qd8 28. Qf5 b5 29. Re3 Ra7 30. Rh3 h6 31. Rg3 Re8 32. Qg4 Kg8 33. Bxg6
fxg6 34. Qxg6+ Kh8 35. Rh3 Rh7 36. Rxh6 Rxh6 37. Qxh6+ Kg8 38. Qg6+ Kh8 39. h3
Qe7 40. Rf5 1-0

[Event "Madrid ch Sub-16 2021"]
[Site "Madrid ESP"]
[Date "2021.04.18"]
[Round "2.3"]
[White "Serrano Ruiz, Lope"]
[Black "Simonyan, Arturo"]
[Result "1-0"]
[WhiteElo "2004"]
[BlackElo "1894"]
[PlyCount "91"]
[EventDate "2021.04.17"]
[EventType "swiss"]
[EventRounds "5"]
[EventCountry "ESP"]
[SourceTitle "Ajedrez en Madrid"]
[Source "lmi"]
[SourceDate "2021.04.17"]
[SourceVersion "1"]
[SourceVersionDate "2021.04.29"]
[SourceQuality "1"]

1. e4 c5 2. b4 cxb4 3. a3 d5 4. exd5 Qxd5 5. Nf3 Bg4 6. axb4 Nc6 7. Nc3 Qe6+ 8.
Qe2 Qxe2+ 9. Bxe2 Nxb4 10. Kd1 a6 11. Ra4 e6 12. Ba3 Bxf3 13. Bxf3 Nc6 14. Bxf8
Kxf8 15. Bxc6 bxc6 16. Ke2 Nf6 17. Rb1 Nd7 18. Ne4 f5 19. Rb7 Rd8 20. Rd4 fxe4
21. Rdxd7 Rxd7 22. Rxd7 Rg8 23. Rc7 a5 24. c3 Ke8 25. Rxc6 Ke7 26. Ra6 Kf6 27.
Rxa5 e5 28. Ra4 Kf5 29. Ke3 Rb8 30. Rxe4 Rb1 31. g4+ Kf6 32. h4 Rh1 33. h5 Kg5
34. f3 Kf6 35. c4 Rc1 36. f4 exf4+ 37. Kxf4 g5+ 38. hxg6 hxg6 39. Ke3 Kg5 40.
Kd4 Kf6 41. Kd5 g5 42. c5 Rc2 43. d4 Rf2 44. c6 Rc2 45. Kd6 Rc4 46. c7 1-0

[Event "Madrid ch Sub-16 2021"]
[Site "Madrid ESP"]
[Date "2021.04.18"]
[Round "2.4"]
[White "Reyes Peñas, Sebastian"]
[Black "Fernandez Estremera, Fernando"]
[Result "1-0"]
[WhiteElo "2211"]
[BlackElo "2005"]
[PlyCount "113"]
[EventDate "2021.04.17"]
[EventType "swiss"]
[EventRounds "5"]
[EventCountry "ESP"]
[SourceTitle "Ajedrez en Madrid"]
[Source "lmi"]
[SourceDate "2021.04.17"]
[SourceVersion "1"]
[SourceVersionDate "2021.04.29"]
[SourceQuality "1"]

1. Nf3 d5 2. g3 Nf6 3. Bg2 c6 4. O-O Bg4 5. d3 Nbd7 6. Nbd2 e5 7. e4 d4 8. h3
Bxf3 9. Qxf3 Be7 10. Qe2 O-O 11. f4 Bd6 12. Qf2 c5 13. a4 Bc7 14. f5 a6 15. g4
Ne8 16. Qg3 f6 17. h4 Nd6 18. Rf2 Qe7 19. g5 Kf7 20. g6+ Ke8 21. gxh7 Rh8 22.
c3 Qf7 23. Nf3 Rxh7 24. cxd4 cxd4 25. b4 Kd8 26. Rb2 Bb6 27. Bd2 Rh8 28. Rc1
Rc8 29. Bf1 Ke7 30. Kh2 Rxc1 31. Bxc1 Rc8 32. Bd2 Rc7 33. Be2 Kd8 34. Bd1 Kc8
35. Bb3 Qe7 36. h5 Kb8 37. Nh4 Nf8 38. Qg4 Rc8 39. Rb1 Ne8 40. Kg3 Nd6 41. Rb2
Ne8 42. Ng6 Qd6 43. Bd5 Nc7 44. Bc4 Ne8 45. Kf3 Nd7 46. Rb1 Ka8 47. Qg1 Kb8 48.
Qd1 Nf8 49. Nf4 Ka8 50. Nd5 Bd8 51. b5 Nd7 52. bxa6 bxa6 53. Bb4 Qc6 54. Ne7
Qc7 55. Bd5+ Ka7 56. Nc6+ Kb6 57. Ba3# 1-0

[Event "Madrid ch Sub-16 2021"]
[Site "Madrid ESP"]
[Date "2021.04.18"]
[Round "2.5"]
[White "Martin Ramos, Hector"]
[Black "Rodriguez Avila, Alvaro"]
[Result "1-0"]
[WhiteElo "1653"]
[BlackElo "1892"]
[PlyCount "157"]
[EventDate "2021.04.17"]
[EventType "swiss"]
[EventRounds "5"]
[EventCountry "ESP"]
[SourceTitle "Ajedrez en Madrid"]
[Source "lmi"]
[SourceDate "2021.04.17"]
[SourceVersion "1"]
[SourceVersionDate "2021.04.29"]
[SourceQuality "1"]

1. e4 c5 2. Nf3 d6 3. d4 cxd4 4. Nxd4 Nf6 5. Nc3 Nc6 6. Bg5 e6 7. Qd2 Be7 8.
Nxc6 bxc6 9. O-O-O O-O 10. Bxf6 Bxf6 11. Qxd6 Qb6 12. Qg3 Rb8 13. b3 Qa5 14.
Na4 Rb4 15. Bd3 Rxa4 16. bxa4 Bc3 17. Rdf1 c5 18. Kd1 Rd8 19. Ke2 c4 20. Bxc4
Rd2+ 21. Kf3 Be5 22. Qg5 h6 23. Qe3 Bd4 24. Qb3 Qh5+ 25. Kg3 g5 26. h4 Be5+ 27.
f4 gxf4+ 28. Kh3 Bf6 29. Kh2 Qxh4+ 30. Qh3 Qg5 31. Bd3 Be5 32. Rf3 Kg7 33. Rhf1
Bd4 34. Rxf4 Be5 35. Qg3 Bxf4 36. Rxf4 e5 37. Rf2 Rd1 38. Rf1 Rd2 39. Rf2 Rxf2
40. Qxf2 Be6 41. a3 a5 42. Qg3 Kf6 43. Qxg5+ hxg5 44. Kg3 Ke7 45. Bb5 Kd6 46.
Kf3 Kc5 47. Ke3 Bc4 48. Be8 f6 49. g3 Ba6 50. Bf7 Bc4 51. Be8 Ba2 52. Bd7 Bb1
53. Kd3 Ba2 54. Bc8 Kd6 55. Ke3 Bf7 56. Kd3 Be8 57. c3 Kc5 58. Be6 Bxa4 59. Bc8
Bb5+ 60. Kd2 Bc6 61. Kd3 Kb5 62. Be6 Ka4 63. Bd5 Kb5 64. Bxc6+ Kxc6 65. g4 Kb5
66. c4+ Kb6 67. Kc3 Kc6 68. Kd3 Kb6 69. Kc3 Kc6 70. Kd3 Kd6 71. Kc3 Ke6 72. c5
Kd7 73. Kc4 Kc6 74. a4 Kd7 75. Kd5 Kc7 76. c6 Kc8 77. Kd6 Kd8 78. c7+ Kc8 79.
Kc6 1-0

[Event "Madrid ch Sub-16 2021"]
[Site "Madrid ESP"]
[Date "2021.04.18"]
[Round "2.6"]
[White "Karunanithi, Bharath"]
[Black "Moya Barba, Diego"]
[Result "1-0"]
[WhiteElo "1751"]
[BlackElo "1380"]
[PlyCount "87"]
[EventDate "2021.04.17"]
[EventType "swiss"]
[EventRounds "5"]
[EventCountry "ESP"]
[SourceTitle "Ajedrez en Madrid"]
[Source "lmi"]
[SourceDate "2021.04.17"]
[SourceVersion "1"]
[SourceVersionDate "2021.04.29"]
[SourceQuality "1"]

1. e4 c5 2. d3 Nc6 3. g3 g6 4. Bg2 Bg7 5. f4 d6 6. Nf3 Bg4 7. c3 Nf6 8. h3 Bd7
9. Be3 b6 10. O-O Rc8 11. Na3 O-O 12. Bf2 e5 13. Nc4 Qe7 14. fxe5 dxe5 15. g4
b5 16. Ne3 Be6 17. Bh4 Rfd8 18. Qe2 c4 19. d4 exd4 20. cxd4 Qd7 21. d5 Nb4 22.
dxe6 Qxe6 23. e5 Ne4 24. Bxd8 Ng3 25. Qe1 Nxf1 26. Bxf1 Rxd8 27. Qxb4 Bxe5 28.
Nxe5 Qxe5 29. Re1 Qg3+ 30. Bg2 Re8 31. Qc3 b4 32. Qd2 b3 33. axb3 cxb3 34. Qf2
Qe5 35. Bd5 Re7 36. Bxb3 Qb5 37. Ba2 Qa5 38. Bc4 Qb4 39. Rb1 Qb8 40. Nd5 Rb7
41. Nf6+ Kg7 42. Nd7 Qe8 43. Qf6+ Kg8 44. Ne5 1-0

[Event "Madrid ch Sub-16 2021"]
[Site "Madrid ESP"]
[Date "2021.04.18"]
[Round "2.7"]
[White "Suarez Hernan, Santiago"]
[Black "Lavayen Torres, Leonardo"]
[Result "1-0"]
[WhiteElo "1427"]
[BlackElo "1661"]
[PlyCount "83"]
[EventDate "2021.04.17"]
[EventType "swiss"]
[EventRounds "5"]
[EventCountry "ESP"]
[SourceTitle "Ajedrez en Madrid"]
[Source "lmi"]
[SourceDate "2021.04.17"]
[SourceVersion "1"]
[SourceVersionDate "2021.04.29"]
[SourceQuality "1"]

1. d4 Nf6 2. Bf4 d6 3. e3 g6 4. Bd3 Bg7 5. h3 O-O 6. Nf3 Nbd7 7. Nbd2 Re8 8.
Bh2 e5 9. dxe5 Nxe5 10. Be2 Nfd7 11. c3 Nxf3+ 12. Nxf3 Ne5 13. O-O d5 14. Qb3
c6 15. Nd4 Nd7 16. Rfd1 Qe7 17. c4 dxc4 18. Bxc4 Be5 19. Bxe5 Nxe5 20. Be2 a6
21. Nf3 Nd7 22. Rd4 c5 23. Rd2 b5 24. Qd5 Nb6 25. Qd6 Qxd6 26. Rxd6 Na4 27. Rc1
Nxb2 28. Rxc5 Be6 29. Rcc6 Bxa2 30. Rd2 Bc4 31. Rxb2 Bxe2 32. Rxe2 Reb8 33. Ra2
a5 34. Rc1 b4 35. Ra4 Kf8 36. Nd4 Ra6 37. Nb3 Ke7 38. Rxa5 Rd6 39. Nd4 b3 40.
Rb5 b2 41. Rb1 Rdb6 42. R1xb2 1-0

[Event "Madrid ch Sub-16 2021"]
[Site "Madrid ESP"]
[Date "2021.04.18"]
[Round "2.8"]
[White "Carretero Badorrey, Alejandro"]
[Black "Ferrando Marti, Roberto"]
[Result "0-1"]
[WhiteElo "1225"]
[BlackElo "1576"]
[PlyCount "110"]
[EventDate "2021.04.17"]
[EventType "swiss"]
[EventRounds "5"]
[EventCountry "ESP"]
[SourceTitle "Ajedrez en Madrid"]
[Source "lmi"]
[SourceDate "2021.04.17"]
[SourceVersion "1"]
[SourceVersionDate "2021.04.29"]
[SourceQuality "1"]

1. d4 e6 2. Nf3 d5 3. Bf4 Nf6 4. e3 b6 5. Bd3 Ba6 6. c3 Bxd3 7. Qxd3 Bd6 8. O-O
O-O 9. Re1 c5 10. Bxd6 Qxd6 11. Nbd2 cxd4 12. exd4 Nc6 13. Ne5 Nd7 14. Nxd7
Qxd7 15. f4 b5 16. Re3 b4 17. Rb1 Rab8 18. Rh3 g6 19. Nb3 Rfc8 20. Nc5 Qd6 21.
Rf3 bxc3 22. bxc3 Rxb1+ 23. Qxb1 Rb8 24. Qc2 Na5 25. g4 Nc4 26. Qc1 Qb6 27. Rf1
Qb2 28. Qxb2 Rxb2 29. Rf2 Rb1+ 30. Kg2 Kf8 31. f5 gxf5 32. gxf5 Ne3+ 33. Kh3
Nxf5 34. Nd7+ Ke7 35. Ne5 a6 36. Rc2 Rb6 37. Nd3 Ne3 38. Rb2 Nc4 39. Rxb6 Nxb6
40. Nb2 Kd6 41. Kg4 Nc4 42. Nxc4+ dxc4 43. Kf4 Kd5 44. h3 f6 45. Ke3 e5 46.
dxe5 Kxe5 47. Kf3 h5 48. Ke3 a5 49. a3 f5 50. Kf3 a4 51. Ke3 f4+ 52. Kf3 Kf5
53. h4 Ke5 54. Ke2 Ke4 55. Kf2 f3 0-1

[Event "Madrid ch Sub-16 2021"]
[Site "Madrid ESP"]
[Date "2021.04.23"]
[Round "3.1"]
[White "Ruiz Buendia, Miguel"]
[Black "Zhou, Lulu"]
[Result "1/2-1/2"]
[WhiteElo "2068"]
[BlackElo "2042"]
[PlyCount "97"]
[EventDate "2021.04.17"]
[EventType "swiss"]
[EventRounds "5"]
[EventCountry "ESP"]
[SourceTitle "Ajedrez en Madrid"]
[Source "lmi"]
[SourceDate "2021.04.17"]
[SourceVersion "1"]
[SourceVersionDate "2021.04.29"]
[SourceQuality "1"]

1. e4 e5 2. Nf3 Nc6 3. Bb5 a6 4. Ba4 Nge7 5. O-O g6 6. c3 Bg7 7. d4 exd4 8.
Nxd4 Nxd4 9. cxd4 O-O 10. Nc3 d6 11. Re1 c5 12. Be3 Qb6 13. dxc5 dxc5 14. Qc2
Qc7 15. Qe2 b5 16. Bc2 Be6 17. f4 Rad8 18. Qf2 Bd4 19. f5 Bc8 20. f6 Nc6 21.
Bxd4 Nxd4 22. Nd5 Qe5 23. Qh4 Rd6 24. Ne7+ Kh8 25. Qh6 Ne6 26. Nd5 Qg5 27. Qxg5
Nxg5 28. a4 b4 29. Bb3 Bb7 30. Rac1 Ne6 31. Bc4 Rfd8 32. Rf1 Ng5 33. Rfe1 Nxe4
34. Rxe4 Bxd5 35. Bxd5 Rxd5 36. Rce1 Rf8 37. Re7 Rd6 38. Rxf7 Rxf6 39. Rxf8+
Rxf8 40. b3 Rd8 41. Kf2 Kg7 42. Re7+ Kf6 43. Rc7 Rd2+ 44. Kf1 Rd5 45. Ke2 Ke5
46. Rxh7 Kd4 47. Kd2 Rf5 48. Rh4+ Kd5 49. Rg4 1/2-1/2

[Event "Madrid ch Sub-16 2021"]
[Site "Madrid ESP"]
[Date "2021.04.23"]
[Round "3.2"]
[White "Reyes Peñas, Sebastian"]
[Black "Serrano Ruiz, Lope"]
[Result "1-0"]
[WhiteElo "2211"]
[BlackElo "2004"]
[PlyCount "87"]
[EventDate "2021.04.17"]
[EventType "swiss"]
[EventRounds "5"]
[EventCountry "ESP"]
[SourceTitle "Ajedrez en Madrid"]
[Source "lmi"]
[SourceDate "2021.04.17"]
[SourceVersion "1"]
[SourceVersionDate "2021.04.29"]
[SourceQuality "1"]

1. Nf3 Nc6 2. g3 e5 3. d3 d5 4. Bg2 f6 5. O-O Be6 6. c3 Qd7 7. b4 O-O-O 8. Qa4
g5 9. b5 Nb8 10. Qxa7 Bh3 11. c4 Bxg2 12. Kxg2 dxc4 13. dxc4 Qg4 14. Nbd2 Bb4
15. e4 h5 16. Rb1 Bxd2 17. Nxd2 h4 18. h3 Qe2 19. Qe3 Qxe3 20. fxe3 hxg3 21. c5
Nd7 22. Nb3 Rh4 23. c6 Nb6 24. cxb7+ Kxb7 25. Nc5+ Kc8 26. a4 Nd7 27. Ba3 Nxc5
28. Bxc5 Rxe4 29. a5 Rd2+ 30. Kxg3 Rc2 31. Rfc1 Rec4 32. Rxc2 Rxc2 33. Bf8 Rc3
34. Kg4 Rxe3 35. a6 Kb8 36. Rd1 Kc8 37. Kf5 Re2 38. Ke6 Rb2 39. Rd5 c6 40. bxc6
Ra2 41. Bd6 Ne7 42. Kxe7 Rxa6 43. Rb5 Rxc6 44. Rb8# 1-0

[Event "Madrid ch Sub-16 2021"]
[Site "Madrid ESP"]
[Date "2021.04.23"]
[Round "3.3"]
[White "Neagu, Roberto Florin"]
[Black "Martin Ramos, Hector"]
[Result "1/2-1/2"]
[WhiteElo "1965"]
[BlackElo "1653"]
[PlyCount "95"]
[EventDate "2021.04.17"]
[EventType "swiss"]
[EventRounds "5"]
[EventCountry "ESP"]
[SourceTitle "Ajedrez en Madrid"]
[Source "lmi"]
[SourceDate "2021.04.17"]
[SourceVersion "1"]
[SourceVersionDate "2021.04.29"]
[SourceQuality "1"]

1. d4 Nf6 2. Nf3 g6 3. Bf4 Bg7 4. e3 O-O 5. b3 d6 6. Be2 c5 7. O-O Qb6 8. Qc1
Nc6 9. c3 cxd4 10. exd4 Bf5 11. Nbd2 Rac8 12. Nc4 Qc7 13. Qd1 Nd5 14. Bc1 Rfd8
15. Ne3 Nxe3 16. Bxe3 e5 17. d5 Na5 18. Nd2 b6 19. Rc1 Bd7 20. b4 Nb7 21. Ba6
f5 22. f3 Rb8 23. a4 Be8 24. c4 Bf7 25. Nb1 Be8 26. Nc3 Qe7 27. Qd2 Bf6 28. f4
Qg7 29. fxe5 Bxe5 30. Bh6 Qh8 31. Nb5 Bxb5 32. cxb5 Rd7 33. Bxb7 Rdxb7 34. Rc6
Kf7 35. Rfc1 Re8 36. a5 Ree7 37. Bg5 Bf6 38. Bf4 Be5 39. Be3 bxa5 40. bxa5 Rxb5
41. Rc8 Qg7 42. Bh6 Rb2 43. Bxg7 Rxd2 44. Bh6 Rxd5 45. Rf8+ Ke6 46. Bg5 Rf7 47.
Re8+ Kd7 48. Rd8+ 1/2-1/2